MARC

LEADER 00000nam0a2200000 4500
001 356195
005 20231102010854.0
035 |a (RuTPU)RU\TPU\retro\13455 
090 |a 356195 
100 |a 20200716d1973 m y0rusy50 ca 
101 0 |a rus 
102 |a RU 
105 |a y j 000zy 
200 1 |a Предлоги в английском языке. Выражение объектных отношений  |f И. Б. Борковская, Е. А. Рейман, Н. В. Успенская  |g Академия наук СССР 
210 |a Ленинград  |c Наука  |d 1973 
215 |a 128 с. 
606 1 |a Английский язык  |x Учебные руководства и пособия для высшей школы  |x Пособия по грамматике  |2 stltpush  |3 (RuTPU)RU\TPU\subj\29073  |9 52485 
610 1 |a грамматика 
610 1 |a лексика 
610 1 |a лексико-грамматические навыки 
610 1 |a предлоги 
610 1 |a употребление 
610 1 |a глаголы 
686 |a Ш143.21-923.2  |v LBC/SL-A  |2 rubbk 
700 1 |a Борковская  |b И. Б.  |g Ия Борисовна 
701 1 |a Рейман  |b Е. А.  |g Екатерина Александровна 
701 1 |a Успенская  |b Н. В.  |g Наталья Всеволодовна 
712 0 2 |a Академия наук СССР  |c (Ленинград/Москва)  |c (1925-1991)  |2 stltpush  |3 (RuTPU)RU\TPU\col\722  |9 23473 
801 1 |a RU  |b 63413507  |c 20200716 
801 2 |a RU  |b 63413507  |c 20210312  |g RCR 
942 |c BK